01175nam a22002297a 4500952011900000999001700119008004100136020001800177050002400195100003100219245013200250260003300382300001800415500001300433504003300446505026600479519010500745650001800850700003200868700003300900942001200933 00102lcc4070a08b08d2013-04-09l31m7oBF724 AB143 2012p08 004546r2018-08-27s2018-08-27t1w2013-04-09yLB c89388d89388130409s2012 mx ||||| |||| 00| 0 spa d a978968853261404aBF724b AB143 2012 0aAberastury, Armindaeautor13aLa adolescencia normalb: un enfoque psicoanalíticoc/ Arminda Aberastury, Mauricio knobel; col. Adolfo Dornbush...[ et al.] aMéxicob: Paidósc, 2012 a163 páginas aLic. MAX aBibliografía (pp. 155-156) aEl adolescente y la libertad El sindrome de la adolescencia normal Adolescencia y psicopatía Adolescencia y psicopatía con especial referencia a las defensas El pensamiento en el adolescente y en el adolescente psicopatico El adolescente y el mundo actual aEducación Mixta / bPedagogía / cPsicología del desarrollo adolescente (B06-3) /d(08 004546) 0aADOLESCENCIA  aI. Knobel, Mauricio, coaut. aII. Dornbush, Adolfo, colab. cLB2lcc